LEADER 01474nam--2200409---450- 001 990001601280203316 005 20100616161444.0 010 $a88-13-24997-7 035 $a000160128 035 $aUSA01000160128 035 $a(ALEPH)000160128USA01 035 $a000160128 100 $a20040426d2003----km-y0itaa50------ba 101 $aita 102 $aIT 105 $a||||||||001yy 200 1 $aProcreazione assistita e famiglia nel diritto internazionale$fCristina Campiglio 210 $aPadova$cCEDAM$d2003 215 $aXI, 347 p.$d24 cm 225 2 $aPubblicazioni della Università di Pavia, Studi nelle Scienze Giuridiche e Sociali$iNuova Serie$v108 410 0$12001$aStudi nelle scienze giuridiche e sociali$Pubblicazioni della Università di Pavia$h.N.S.$inuova Serie$v108 454 1$12001 461 1$1001-------$12001 606 0 $aFecondazione artificiale$xAspetti giuridici 676 $a344.450 419 700 1$aCAMPIGLIO,$bCristina$0231579 801 0$aIT$bsalbc$gISBD 912 $a990001601280203316 951 $aXXX.A. Coll. 117/ 90 (X 26 XVIII 108)$b39665 G$cXXX.A. Coll. 117/ 90 (X 26)$d00093926 959 $aBK 969 $aGIU 979 $aMARIA$b10$c20040426$lUSA01$h1005 979 $aSIAVER1$b90$c20040615$lUSA01$h1148 979 $aCHIARA$b90$c20100226$lUSA01$h0938 979 $aRSIAV4$b90$c20100616$lUSA01$h1614 996 $aProcreazione assistita e famiglia nel diritto internazionale$9945014 997 $aUNISA